| 000 | 00598nam a2200133Ia 4500 | ||
|---|---|---|---|
| 001 | 3506 | ||
| 008 | 241024s9999 xx 000 0 und d | ||
| 082 | _aRD/378/IN58i/2010 | ||
| 100 | _aRepública Dominicana.Ministerio de Educación | ||
| 245 | 0 | _aInforme de la comisión designada por el ministro de educación para evaluar las recomendaciones de la evaluación quinquenal (externa) realizada por el Ministerio de Educación Superior, Ciencia y Tecnología al instituto superior de formación docente Salomé Ureña | |
| 260 |
_bISFODOSU _c2010 |
||
| 901 | _a29/11/2013 10:47:19 a.m. | ||
| 999 |
_c8330 _d8330 |
||